01111nam a2200241Ia 450000100060000000300090000600800410001504000130005604000130006904100130008210000260009510000290012124500460015024500450019625000110024126000100025226000210026226000490028330000420033250004230037465000410079765000310083810259IT-RoPAU130308s9999 xx 000 0 und d aIT-RoPAU cIT-RoPAU aITALIANO aDragone Carlo Tommaso gCodice Aut. SPICS: 7107 aMaestro via verità e vita (parte prima) bMaestro via Verita' e Vita (Parte Prima) a1a ed. aOSTIA bEdizioni Paoline c1961 [1° Ed.:1961 - Ed.Ling.Originale:1961] a"316 p. (prefazione: 16; testo: 300)" aDio via Verità e Vita in Se Stesso via figurativa vie di Dio nella sacra Scrittura Attributi di Dio vie Intratrinitarie Dio in Se Stesso è la Verità Verità Divina dal Punto di Vista Teologico e Morale Dio in Se Stesso è la Vita Vita di Dio Trinità delle Persone Fine delle Opere di Dio Ad Extra Missioni e Magistero Divino Missioni delle Divine Persone Missioni e Magistero del figlio e Dello Spirito Santo aSAGGI TEOLOGIA COMUNICAZIONE SOCIALE eCodice materia Spics: 9211